000 00682nam a2200217Ii 4500
003 JO-AjNU
008 230605s9999||||xx |||||||||||||| ||und||
017 _a1995/6/547
040 _aJO-AjNU
_bara
_erda
_cJO-AjNU
041 _aara
050 1 4 _aPJ7824.R6.A4 1996
100 3 _aتأليف فريحات، محمود عبده (أبو فراس),
_eauthor
_949422
245 0 0 _aألفية فريحات ((المحمودية))
250 _aط1
264 3 1 _aعمان:وزارة الثقافة،1996
300 _a172ص
336 _atext
_btxt
_2rdacontent
337 _aunmediated
_bn
_2rdamedia
338 _avolume
_bnc
_2rdacarrier
650 4 _aالشعر العربي
_949423
999 _aA21706
_c25274
_d25274